00341nam a2200145Ia 4500008004100000020001500041041000800056082001700064100001800081245002500099250000600124260003300130300001200163650002000175210716s2005 xx 000 0 und d a8122503179 aeng a657.046 RATP aRathnam, P V. aAdvanced accounting. a1 aNew DelhibKitab Mahalc2005 a1224,62 aAccounting(657)